000 00620cam a2200181 4500500
005 20260329005904.0
041 _afre
042 _adc
100 1 0 _aPortevin, Catherine
_eauthor
245 0 0 _aIsabelle Delpla / Rony Brauman : le mal est-il banal ?
260 _c2016.
500 _a34
690 _aBanalité du mal
690 _aEichmann
690 _aHannah Arendt
786 0 _nPhilosophie magazine - Hors séries | Hors-série Pritemps 2016 | HS28 | 2016-04-01 | p. 13-14 | 2104-9246
856 4 1 _uhttps://shs.cairn.info/magazine-philosophie-magazine-2016-hs28-page-13?lang=fr&redirect-ssocas=7080
999 _c1847598
_d1847598